000 00344 a2200157 4500
001 58007
020 _a8587810030
040 _cAnchieta - Pituba
100 _aGonzaga, Tomás Antônio
240 1 0 _aMarília de Dirceu
_lpor
245 1 0 _aMarília de Dirceu
300 _a153
362 0 _a1988
650 4 _aPoesia portuguesa
942 _cBK
999 _c58007
_d58007